Most Populated Countries Containing 'I' - Statistics

General Stats
  • This quiz has been taken 363 times
  • The average score is 17 of 20
Answer Stats
Population Country % Correct
1,276 mil India
100%
1,371 mil China
99%
257 mil Indonesia
98%
204 mil Brazil
97%
321 mil United States
97%
146 mil Russia
94%
64 mil United Kingdom
94%
125 mil Mexico
92%
190 mil Pakistan
91%
187 mil Nigeria
90%
78 mil Iran
86%
60 mil Italy
85%
98 mil Ethiopia
81%
101 mil Philippines
81%
93 mil Vietnam
81%
65 mi Thailand
80%
77 mil D.R. Congo
79%
54 mil South Africa
79%
48 mil Colombia
72%
53 mil Tanzania
61%
No matching quizzes found
Score Distribution
Percent of People with Each Score
Percentile by Number Answered
Your Score History
You have not taken this quiz